[Event "Provence-ch Majeur op 9899"]
[Site "France"]
[Date "1999.??.??"]
[Round "5"]
[White "Gaudineau, Gilles"]
[Black "Soalleiro, Jean"]
[Result "0-1"]
[WhiteElo "2120"]
[BlackElo "2120"]
[PlyCount "68"]
[EventDate "1998.??.??"]
[EventType "swiss"]
[EventRounds "9"]
[EventCountry "FRA"]
[SourceTitle "EXT 2005"]
[Source "ChessBase"]
[SourceDate "2004.11.15"]
[SourceVersion "1"]
[SourceVersionDate "2004.11.15"]
[SourceQuality "1"]

1. e4 c5 2. c4 Nc6 3. Ne2 e5 4. d3 d6 5. Nbc3 Nd4 6. Nxd4 cxd4 7. Nd5 Be6 8. Qa4+ Bd7 9. Qb3 Rb8 10. a4 Ne7 11. g3 Nxd5 12. exd5 Be7 13. Bg2 h5 14. Bd2 Bg5 15. Qc2 h4 16. b4 Bg4 17. h3 Bh5 18. g4 Bg6 19. 0-0 0-0 20. f4 exf4 21. Bxf4 Re8 22. a5 Bxf4 23. Rxf4 Re3 24. Rd1 Qe7 25. Rf3 f5 26. Rxe3 Qxe3+ 27. Qf2 fxg4 28. Qxe3 dxe3 29. d4 g3 30. Bf3 Rf8 31. Kg2 Rxf3 32. Kxf3 Bh5+ 33. Kxe3 Bxd1 34. c5 Ba4 0-1

[Event "Provence-ch Principal 9798"]
[Site "France"]
[Date "1998.??.??"]
[Round "5"]
[White "Deleau, Denis"]
[Black "Soalleiro, Jean"]
[Result "1/2-1/2"]
[WhiteElo "2010"]
[BlackElo "2020"]
[PlyCount "35"]
[EventDate "1997.??.??"]
[EventType "tourn"]
[EventRounds "9"]
[EventCountry "FRA"]
[SourceTitle "EXT 2005"]
[Source "ChessBase"]
[SourceDate "2004.11.15"]
[SourceVersion "1"]
[SourceVersionDate "2004.11.15"]
[SourceQuality "1"]

1. e4 c5 2. c3 Nf6 3. e5 Nd5 4. d4 cxd4 5. Nf3 Nc6 6. Bc4 Nb6 7. Bb3 d5 8. exd6 Qxd6 9. 0-0 Be6 10. Na3 Bxb3 11. Qxb3 e6 12. Nb5 Qd8 13. Rd1 Bc5 14. Nbxd4 Nxd4 15. Nxd4 Qc7 16. Qb5+ Kf8 17. Be3 Rc8 18. Qe2 1/2-1/2

[Event "Provence-ch Principal 9798"]
[Site "France"]
[Date "1998.??.??"]
[Round "4"]
[White "Soalleiro, Jean"]
[Black "Metras, Dominique"]
[Result "1-0"]
[WhiteElo "2020"]
[BlackElo "2080"]
[PlyCount "65"]
[EventDate "1997.??.??"]
[EventType "tourn"]
[EventRounds "9"]
[EventCountry "FRA"]
[SourceTitle "EXT 2005"]
[Source "ChessBase"]
[SourceDate "2004.11.15"]
[SourceVersion "1"]
[SourceVersionDate "2004.11.15"]
[SourceQuality "1"]

1. e4 c5 2. Nf3 d6 3. d4 cxd4 4. Nxd4 Nf6 5. Nc3 a6 6. f4 Qc7 7. Bd3 g6 8. Be3 Bg7 9. h3 Nbd7 10. 0-0 b5 11. f5 Bb7 12. Qf3 Ne5 13. Qf4 Nc4 14. Bxc4 Qxc4 15. a3 0-0 16. Rad1 Rac8 17. Rfe1 b4 18. axb4 Qxb4 19. Bf2 Rc7 20. Qc1 Rfc8 21. e5 dxe5 22. Rxe5 Ng4 23. Nd5 Qd6 24. hxg4 Qxe5 25. Nxc7 Qxc7 26. Qe3 Qd7 27. Qe2 Rd8 28. Rd3 Qc7 29. Ne6 fxe6 30. Qxe6+ Kh8 31. Bb6 Rxd3 32. Bxc7 Rd2 33. Qxe7 1-0

[Event "Provence-ch Majeur op 9697"]
[Site "France"]
[Date "1997.??.??"]
[Round "4"]
[White "Coolen, Olivier"]
[Black "Soalleiro, Jean"]
[Result "1-0"]
[WhiteElo "1660"]
[BlackElo "2050"]
[PlyCount "35"]
[EventDate "1996.??.??"]
[EventType "swiss"]
[EventRounds "7"]
[EventCountry "FRA"]
[SourceTitle "EXT 2005"]
[Source "ChessBase"]
[SourceDate "2004.11.15"]
[SourceVersion "1"]
[SourceVersionDate "2004.11.15"]
[SourceQuality "1"]

1. c4 e5 2. Nc3 Nc6 3. g3 f5 4. Bg2 Nf6 5. d3 Be7 6. Nf3 0-0 7. 0-0 Kh8 8. a3 a5 9. Nd5 d6 10. Bd2 Be6 11. Ng5 Bg8 12. f4 exf4 13. Nxf4 Qd7 14. e4 Ng4 15. exf5 Rxf5 16. Qxg4 Ne5 17. Ng6+ hxg6 18. Qh4+ 1-0

[Event "Provence-ch Majeur op 9697"]
[Site "France"]
[Date "1997.??.??"]
[Round "7"]
[White "Montagard, Guillaume"]
[Black "Soalleiro, Jean"]
[Result "0-1"]
[WhiteElo "1820"]
[BlackElo "2050"]
[PlyCount "56"]
[EventDate "1996.??.??"]
[EventType "swiss"]
[EventRounds "7"]
[EventCountry "FRA"]
[SourceTitle "EXT 2005"]
[Source "ChessBase"]
[SourceDate "2004.11.15"]
[SourceVersion "1"]
[SourceVersionDate "2004.11.15"]
[SourceQuality "1"]

1. Nf3 Nf6 2. g3 Nc6 3. d4 d5 4. Bg2 Bf5 5. Bf4 e6 6. 0-0 h6 7. c4 Nb4 8. Na3 c6 9. Rc1 Nxa2 10. Ra1 Nb4 11. Qb3 dxc4 12. Nxc4 Nfd5 13. Rfc1 Nxf4 14. gxf4 g5 15. fxg5 hxg5 16. Ne3 Be4 17. Rc4 a5 18. Rd1 b5 19. Rcc1 a4 20. Qc3 Na2 21. Qd2 Bb4 22. Rc3 Qa5 23. Ng4 Nxc3 24. Nf6+ Kf8 25. bxc3 Bxc3 26. Qxg5 Bxf3 27. Bxf3 Qc7 28. Nh5 Rg8 0-1

[Event "Provence-ch Principal 9798"]
[Site "France"]
[Date "1997.??.??"]
[Round "3"]
[White "Ortega, C1111"]
[Black "Soalleiro, Jean"]
[Result "0-1"]
[WhiteElo "1900"]
[BlackElo "2020"]
[PlyCount "60"]
[EventDate "1997.??.??"]
[EventType "tourn"]
[EventRounds "9"]
[EventCountry "FRA"]
[SourceTitle "EXT 2005"]
[Source "ChessBase"]
[SourceDate "2004.11.15"]
[SourceVersion "1"]
[SourceVersionDate "2004.11.15"]
[SourceQuality "1"]

1. e4 Nf6 2. e5 Nd5 3. d4 d6 4. Nf3 Bg4 5. Be2 e6 6. 0-0 Be7 7. c4 Nb6 8. exd6 cxd6 9. Nc3 0-0 10. Be3 Nc6 11. b3 a5 12. h3 Bh5 13. a3 Rc8 14. Rc1 Nd7 15. Qd2 b6 16. Rfd1 d5 17. cxd5 exd5 18. Nb5 Nf6 19. Ne5 Ne4 20. Qb2 Bxe2 21. Nxc6 Rxc6 22. Qxe2 Rg6 23. f3 Ng3 24. Qd3 Bg5 25. Re1 Nh5 26. Qd2 Bxe3+ 27. Qxe3 Qd7 28. Qe7 Qxh3 29. g4 Qg3+ 30. Kh1 Qxf3+ 0-1

[Event "Provence-ch Majeur op 9697"]
[Site "France"]
[Date "1997.??.??"]
[Round "6"]
[White "Soalleiro, Jean"]
[Black "Arcusa, Michel"]
[Result "1-0"]
[WhiteElo "2050"]
[BlackElo "1870"]
[PlyCount "73"]
[EventDate "1996.??.??"]
[EventType "swiss"]
[EventRounds "7"]
[EventCountry "FRA"]
[SourceTitle "EXT 2005"]
[Source "ChessBase"]
[SourceDate "2004.11.15"]
[SourceVersion "1"]
[SourceVersionDate "2004.11.15"]
[SourceQuality "1"]

1. e4 d5 2. exd5 Qxd5 3. Nf3 Bg4 4. Be2 Nc6 5. Nc3 Qh5 6. a4 Nf6 7. 0-0 Qf5 8. a5 a6 9. Ra4 e5 10. h3 Bxf3 11. Bxf3 Qd7 12. Re1 Bd6 13. b4 0-0 14. Ba3 Rac8 15. Qb1 Rb8 16. Be2 Nd4 17. Bc4 Nb5 18. Qb3 Nd4 19. Qa2 Nb5 20. Bc1 Nd4 21. Ne4 Nxe4 22. Rxe4 Kh8 23. c3 f5 24. Re1 Nb5 25. Be6 Qe7 26. Bc4 c6 27. Qc2 Qh4 28. Bf1 f4 29. Qe4 Rf6 30. Bb2 Rg6 31. Qf3 Re8 32. Re4 Bc7 33. c4 Nd6 34. Rxe5 Rxe5 35. Bxe5 Nxc4 36. Bxc7 Nxd2 37. Qxf4 1-0

[Event "Provence-ch Majeur op 9495"]
[Site "France"]
[Date "1994.??.??"]
[Round "4"]
[White "Deleau, Denis"]
[Black "Soalleiro, Jean"]
[Result "1/2-1/2"]
[WhiteElo "1930"]
[BlackElo "2010"]
[PlyCount "112"]
[EventDate "1994.??.??"]
[EventType "swiss"]
[EventRounds "9"]
[EventCountry "FRA"]
[SourceTitle "EXT 2005"]
[Source "ChessBase"]
[SourceDate "2004.11.15"]
[SourceVersion "1"]
[SourceVersionDate "2004.11.15"]
[SourceQuality "1"]

1. e4 c5 2. c3 Nf6 3. e5 Nd5 4. d4 cxd4 5. Nf3 Nc6 6. Bc4 Nb6 7. Bb3 d5 8. exd6 Qxd6 9. 0-0 d3 10. Na3 a6 11. Be3 Na5 12. Ba4+ Nd7 13. b4 Nc6 14. Nc4 Qf6 15. Bxc6 Qxc6 16. Qxd3 e6 17. Rfd1 Be7 18. Nd6+ Bxd6 19. Qxd6 Qxd6 20. Rxd6 Nf6 21. Rad1 Bd7 22. Bb6 Nd5 23. c4 Ba4 24. Rd2 Nxb6 25. Rxb6 Rb8 26. Ne5 Ke7 27. b5 axb5 28. Rd7+ Kf6 29. f4 Kf5 30. Rxf7+ Ke4 31. Rxe6 Rhe8 32. Rxe8 Rxe8 33. cxb5 Rc8 34. Nf3 Rc2 35. Rxb7 Kxf4 36. Rxg7 Bxb5 37. Rf7+ Ke3 38. Re7+ Kf4 39. Rf7+ Ke3 40. Re7+ Kf4 41. h3 h5 42. Kh2 Rxa2 43. Rf7+ Ke3 44. Rh7 Bf1 45. Nh4 Ra5 46. Re7+ Kd4 47. Nf3+ Kd3 48. Kg1 Be2 49. Kf2 Bd1 50. Kg3 Be2 51. Kh4 Bf1 52. Rg7 Ke3 53. Re7+ Kf2 54. Re5 Rxe5 55. Nxe5 Bxg2 56. Kxh5 Bxh3 1/2-1/2

[Event "Provence-ch Principal 9394"]
[Site "France"]
[Date "1993.??.??"]
[Round "7"]
[White "Milesi, Laurent"]
[Black "Soalleiro, Jean"]
[Result "1/2-1/2"]
[WhiteElo "2010"]
[BlackElo "2030"]
[PlyCount "33"]
[EventDate "1993.??.??"]
[EventType "tourn"]
[EventRounds "9"]
[EventCountry "FRA"]
[SourceTitle "EXT 2005"]
[Source "ChessBase"]
[SourceDate "2004.11.15"]
[SourceVersion "1"]
[SourceVersionDate "2004.11.15"]
[SourceQuality "1"]

1. e4 Nf6 2. Nc3 d5 3. e5 d4 4. Nce2 Ng4 5. f4 h5 6. Nf3 c5 7. Ng3 Nc6 8. h3 Nh6 9. Bd3 g6 10. a3 Nf5 11. Ne4 h4 12. 0-0 Bh6 13. Nh2 Qd5 14. Ng4 Bg7 15. Qf3 Be6 16. b3 b6 17. Bc4 1/2-1/2